Apuntes del derecho político comparado : (Record no. 181399)

MARC details
000 -LEADER
campo de control de longitud fija 01254ntm a2200253 i 4500
001 - NÚMERO DE CONTROL
campo de control 181399
003 - IDENTIFICADOR DE NÚMERO DE CONTROL
campo de control ES-MaACL
005 - FECHA Y HORA DE LA ÚLTIMA TRANSACCIÓN
campo de control 20250729042548.0
008 - DATOS DE LONGITUD FIJA--INFORMACIÓN GENERAL
campo de control de longitud fija 130110s1862 sp |||| | spa d
040 ## - FUENTE DE CATALOGACIÓN
Centro/agencia transcriptor ES-MaACL
100 1# - ENTRADA PRINCIPAL--NOMBRE DE PERSONA
Nombre de persona Figuerola, Laureano,
Fechas asociadas al nombre 1816-1903
9 (RLIN) 50808
Término indicativo de función/relación Autor
245 10 - MENCIÓN DEL TÍTULO
Título Apuntes del derecho político comparado :
Resto del título año académico de 1860 a 1862
Medio [Manuscrito] /
Mención de responsabilidad, etc. por... Laureano Figuerola ; [recogidos por Julio Herrero y García Sancha].
260 ## - PUBLICACIÓN, DISTRIBUCIÓN, ETC.
Lugar de publicación, distribución, etc. [Madrid,
Fecha de publicación, distribución, etc. ca. 1862]
300 ## - DESCRIPCIÓN FÍSICA
Extensión [192] páginas ;
Dimensiones 22 cm.
500 ## - NOTA GENERAL
Nota general En la segunda hoja: "Sr. D. Laureano Figuerola: Por si de alguna utilidad pudieran serle estos ligeros apuntes de derecho político comparado, se lo dedica por deber, por gratitud y por cariño su discípulo Julio Herrero y García Sancha, 7 de febrero de 1862"
530 ## - NOTA DISPONIBLE DE FORMULARIO FÍSICO ADICIONAL
Nota de formato físico adicional disponible Disponible en formato digital.
650 #7 - PUNTO DE ACCESO ADICIONAL DE MATERIA--TÉRMINO DE MATERIA
Término de materia o nombre geográfico como elemento de entrada Derecho político
Fuente del encabezamiento o término embne
9 (RLIN) 135897
700 1# - ENTRADA AGREGADA--NOMBRE PERSONAL
9 (RLIN) 152045
Nombre de persona Herrero y García Sancha, Julio
Término indicativo de función/relación Redactor
852 ## - LOCALIZACIÓN
Ubicación ES-MaACL
Ubicación en estantería Sala Palomar
Número de control de estantería C-3011
856 ## - LOCALIZACIÓN Y ACCESO ELECTRÓNICOS
Identificador Uniforme de Recursos <a href="https://bvpb.mcu.es/es/consulta/registro.do?id=577739">https://bvpb.mcu.es/es/consulta/registro.do?id=577739</a>
Texto de enlace Versión en línea
Nota pública (Biblioteca Virtual del Patrimonio Bibliográfico)
942 ## - ELEMENTOS DE ENTRADA SECUNDARIOS (KOHA)
Tipo de ítem Koha Manuscrito
Holdings
Estatus retirado Estado de pérdida Estado de daño No para préstamo Colección Biblioteca de origen Biblioteca actual Ubicación en estantería Fecha de adquisición Fuente de adquisición Total de préstamos Signatura topográfica completa Código de barras Visto por última vez Precio de reemplazo Tipo de ítem Koha
        Colección digital Biblioteca del Ateneo de Madrid Biblioteca del Ateneo de Madrid Sala Palomar 10/01/2013     C-3011 1190638 23/02/2023 23/02/2023 Manuscrito